000 00521nam a2200205Ia 4500
003 BUBTL
008 151213s9999 xx 000 0 und d
082 _a336.24/UDA
100 _aHelal Uddin
_941
245 _aIncome tax (Aykar)
_cHelal Uddin
250 _a13th
260 _aDhaka
_bPondith Prokashoni
_c2002
300 _a574p . :
_bill . ; 20cm.
650 _aAccounting
_93559
650 _aTaxes
_93560
700 _aHelal Uddin
_941
856 _k0
_l0
_yDownload
942 _2ddc
_cBK
999 _c1263
_d1263